Ray Bradbury unbound /

Bibliographic Details
Main Author: Eller, Jonathan R., 1952- (Author)
Format: Book
Language:English
Published: Urbana : University of Illinois Press, [2014]
Subjects:

MARC

Tag First Indicator Second Indicator Subfields
LEADER 00000cam a2200000 i 4500
001 in00003491721
005 20151206123149.0
008 140509t20142014iluaf b s001 0beng
010 |a  2014010893 
020 |a 9780252038693 (cloth : alk. paper) 
020 |a 025203869X (cloth : alk. paper) 
020 |z 9780252096631 (ebook) 
035 |a (OCoLC)ocn877367773 
040 |a DLC  |e rda  |c DLC  |d UtOrBLW 
043 |a n-us-il 
049 |a TXAM 
050 0 0 |a PS3503.R167  |b Z67 2014 
082 0 0 |a 813/.54  |a B  |2 23 
100 1 |a Eller, Jonathan R.,  |d 1952-  |e author. 
245 1 0 |a Ray Bradbury unbound /  |c Jonathan R. Eller. 
264 1 |a Urbana :  |b University of Illinois Press,  |c [2014] 
264 4 |c ©2014 
300 |a xiv, 324 pages, 12 unnumbered pages of plates :  |b illustrations ;  |c 25 cm. 
336 |a text  |b txt  |2 rdacontent 
337 |a unmediated  |b n  |2 rdamedia 
338 |a volume  |b nc  |2 rdacarrier 
504 |a Includes bibliographical references and index. 
600 1 0 |a Bradbury, Ray,  |d 1920-2012. 
650 0 |a Authors, American  |y 20th century  |v Biography. 
945 |a PromptCat 
946 |a stk 
947 |a A14840356016 
948 |a cataloged  |b h  |c 2014/10/14  |d c  |e dmitchel  |f 10:00:00 am 
994 |a 92  |b TXA 
999 |a MARS 
999 f f |s eeceff5e-8ae6-3a59-b65f-965543253f31  |i afc2188d-692c-3a00-905e-412e1c6b7a9b  |t 0 
952 f f |p normal  |a Texas A&M University  |b College Station  |c Sterling C. Evans Library  |d Evans: Library Stacks  |t 0  |e PS3503.R167 Z67 2014  |h Library of Congress classification  |i unmediated -- volume  |m A14840356016 
998 f f |a PS3503.R167 Z67 2014  |t 0  |l Evans: Library Stacks